Luther - Carrière - Statistiques

Statistiques générales
  • Ce quiz a été pris 37 fois
    15 depuis la dernière actualisation
  • Le résultat moyen est 33 sur 56
Statistiques - réponses
Hint Réponse % Correct
8 GARÇON
100%
2 ALAKAZAM
93%
5 LESSGUI
93%
10 uet (feat. amne)
93%
6 VVS
93%
10 ALED
86%
5 Baume à lèvres
86%
2022 baume (feat. LUCASV & Rounhaa) [Sublime]
86%
3 BLAKE & MORTIMER
86%
6 LE SANG
86%
1 PK TU M'APL ?
86%
11 virage (feat. amne)
86%
2 Yuto & Yugi
86%
2025 alibi
79%
9 inaudible (feat. LUCASV)
79%
1 Intro
71%
2025 lhorloger
71%
4 MA VIE D'AVANT
71%
3 MOSSY COBBLESTONE
71%
1 PABO
71%
4 T3
71%
7 TORIEL - VENI VIDI VIDE
71%
8 Trame (Outro)
71%
3 Dinar (feat. BU$HI)
64%
2 Hégemon
64%
5 JOURNAL DE QUÊTES
64%
9 LOOK
64%
2 ROUGE GORON
64%
8 CHÂTEAU FORT
57%
2025 fantom (feat. Rounhaa)
57%
7 Kamado
57%
4 Le faire
57%
2022 Lex Luthor (feat. NeS)
57%
1 Maille
57%
5 Savane
57%
6 SEUIL
57%
7 uSQUAD
57%
2022 Câlins [1863]
50%
4 Finesse
50%
2022 Léon (feat. Selug & $enar)
50%
2020 Montrer les dents (feat. 14Mirage & Ousbel)
50%
2021 TR4PST4R
50%
3 20 Mach/s (Interlude)
43%
2022 crystal (feat. abel31)
43%
2026 echo flower (feat. ELIESG)
43%
2022 KILLCAM (feat. Nes)
43%
6 Chrysant3mes
36%
2025 ARCOM (feat. sansperseus)
29%
2022 g.lassée (feat. neophron & Sely)
29%
2021 NOUVEAUX SLAYERS (feat. Sly X Hoza)
14%
2021 Viseur (feat. HappyMoli)
14%
2022 FAIS PAS GENRE 2 : L'ASCENSEUR (feat. 14Mirage)
0%
2022 FAIS PAS GENRE (feat. 14Mirage)
0%
2021 HOLOGRAPHIQUE (feat. 14Mirage)
0%
2021 INDOOR (feat. 14Mirage)
0%
2021 Meda (feat. HollowS, Mello, Ousbel, Overseas & S1)
0%
Aucun quiz correspondant
Distribution des résultats
% des personnes avec chaque résultat
Percentile par nombre de réponses
Votre historique - résultats
Vous n’avez pas pris ce quiz depuis la dernière actualisation